| 000 | 00501nam a2200157 i 4500 | ||
|---|---|---|---|
| 001 | bg | ||
| 245 | 0 |
_aBoundary elements VI : _bproceedings of the 6th International Conference on board the linear, the Queen Elizabeth 2, Southampton to New York, July 1984. |
|
| 260 |
_aNew York : _bSpringer-Verlag, _c1984. |
||
| 020 | _a0905451236 | ||
| 040 | _cBPK | ||
| 041 | _apol | ||
| 080 | _a624:539.3/.6:519.6(061.3) | ||
| 920 | _a0-905451-23-6 | ||
| 942 | _cKS | ||
| 008 | s pl f |000 0 pol | ||
| 999 |
_c28402 _d28402 |
||
| 856 |
_uhttp://koha.tu.koszalin.pl/cgi-bin/koha/opac-detail.pl?biblionumber=28402 _yKatalog online BPK |
||